Score 0/25 Timer 06:00
6 Plays Today
% Correct
Catfish
99.7%
Sunflower
98.6%
Raincoat
95.9%
Teaspoon
95.8%
Wheelchair
95.5%
Horseshoes
94.3%
Carpool
94.2%
Cheeseburger
93.6%
Firecrackers
92.8%
Blackmail
92.1%
Buttermilk
91.5%
Spaceship
90.9%
Riverbank
90.5%
% Correct
Pancake
90.4%
Moonwalk
90.2%
Ponytail
89.8%
Drawbridge
88.9%
Honeydew
88%
Backslide
86.7%
Pinhole
82.6%
Slapstick
79.9%
Spearmint
78.6%
Brainstorm
78.6%
Hairdresser
72.6%
Headquarters
43.5%
Remove Ads.
Support Sporcle.
Get the best of Sporcle when you Go Orange. This ad-free experience offers more features, more stats, and more fun while also helping to support Sporcle. Thank you for becoming a member.

You're not logged in!

Compare scores with friends on all Sporcle quizzes.
OR
Log In

Show Comments

Extras

Top Quizzes Today


Score Distribution

Your Account Isn't Verified!

In order to create a playlist on Sporcle, you need to verify the email address you used during registration. Go to your Sporcle Settings to finish the process.

Report this User

Report this user for behavior that violates our Community Guidelines.

Details: